000 00493nam a2200217Ia 4500
001 11605
003 GE_BSU
008 181216s||||||||xx |||||||||||||| ||und||
020 _a9780099546771
040 _cGE_BSU
080 _a821.111-32
100 _aNesbo,Jo.
245 4 _aThe Redbreast.
245 _cTranslated the Norwegian by Don Bartlett.
260 _aLondon
260 _bVintage books.
260 _c2006.
300 _a626p;20cm.
653 _aThe Redbreast.
942 _cBK
999 _c44800
_d44800